000 00889 a2200217 4500
005 20080829164852.0
008 080829t xxu||||| |||| 00| 0 eng d
010 _aENG-87444
020 _a8190364871
_c250.00
035 _aEN-70977
037 _bDBAD / PUB
082 _a303.4825408745
100 _aDe, Noronba, Alberto
245 _aThe third culture
_bsome aspects of the Indo-Portuguese cultural encounter
_cby Alberto de Noronba
260 _aGoa
_bThird Millennium
_c2006
270 _a603, Shiv Towers, Patto Plaza, Panjim
_bGoa
300 _a189 p.
_c21 cm ( pbk.)
500 _aIncludes bibliograpgical references and index
942 _adpl
_cEN
_k303.4825408745/DEN
_2ddc
_h303.4825408745
_mDEN
999 _c6579
_d6579